| Tag |
First Indicator |
Second Indicator |
Subfields |
| LEADER |
00000cam a22000004a 4500 |
| 001 |
in00002088821 |
| 005 |
20151102171543.0 |
| 008 |
050609s2005 nyuaf 001 0deng |
| 010 |
|
|
|a 2005016716
|
| 015 |
|
|
|a GBA563043
|2 bnb
|
| 016 |
7 |
|
|a 013261504
|2 Uk
|
| 020 |
|
|
|a 0823225151 (hardcover)
|
| 035 |
|
|
|a (OCoLC)ocm60603274
|
| 040 |
|
|
|a DLC
|c DLC
|d UKM
|d BAKER
|d C#P
|d NBU
|d TXA
|d UtOrBLW
|
| 041 |
1 |
|
|a eng
|h jpn
|h eng
|
| 042 |
|
|
|a pcc
|
| 043 |
|
|
|a a-ja---
|
| 049 |
|
|
|a TXAM
|
| 050 |
0 |
0 |
|a DS889.16
|b .G66 2005
|
| 082 |
0 |
0 |
|a 940.53/52/09045
|2 22
|
| 100 |
1 |
|
|a Goodman, Grant Kohn,
|d 1924-
|
| 245 |
1 |
0 |
|a America's Japan :
|b the first year, 1945-1946 /
|c Grant K. Goodman ; translated by Barry D. Steben.
|
| 250 |
|
|
|a 1st ed.
|
| 264 |
|
1 |
|a New York :
|b Fordham University Press,
|c 2005.
|
| 300 |
|
|
|a x, 155 pages, 8 unnumbered pages of plates :
|b illustrations ;
|c 23 cm.
|
| 336 |
|
|
|a text
|b txt
|2 rdacontent
|
| 337 |
|
|
|a unmediated
|b n
|2 rdamedia
|
| 338 |
|
|
|a volume
|b nc
|2 rdacarrier
|
| 490 |
1 |
|
|a World War II--the global, human, and ethical dimension,
|x 1541-0293 ;
|v no. 7
|
| 500 |
|
|
|a Translated from Japanese "Amerika no Nihon gannen" (translation of America's Japan [memoir], never been published before).
|
| 500 |
|
|
|a Includes index.
|
| 505 |
0 |
|
|a A yen for Japan -- My first study of Japanese: my matriculation at Princeton University -- My memories of the Army Intensive Japanese Language School: the University of Michigan -- Practical training: Fort McClellan and Fort Snelling -- To the front lines in the Philippines -- Meeting the surrender envoys -- Our landing in Japan -- My work as an ATIS officer -- Letters to General MacArthur -- My views of General MacArthur -- My view of the constitution -- The movements of reform: the dynamic and the static -- The appearance of Emperor Kumazawa -- The Yokohama Court -- The democratic boom, the English boom, and the Christianity boom -- Two suicides -- My trip to Shanghai -- The Mikado -- Observing the Tokyo war crimes trials -- Returning to America.
|
| 651 |
|
0 |
|a Japan
|x History
|y Allied occupation, 1945-1952.
|
| 600 |
1 |
0 |
|a Goodman, Grant Kohn,
|d 1924-
|
| 700 |
1 |
|
|a Steben, Barry D.
|
| 830 |
|
0 |
|a World War II--the global, human, and ethical dimension ;
|v 7.
|
| 856 |
4 |
1 |
|3 Table of contents
|u http://www.loc.gov/catdir/toc/ecip0514/2005016716.html
|t 0
|
| 994 |
|
|
|a C0
|b TXA
|
| 948 |
|
|
|a cataloged
|b h
|c 2005/12/21
|d c
|e jlanham
|f 10:50:07 am
|
| 999 |
|
|
|a MARS
|
| 999 |
f |
f |
|s a65a9b22-b382-3109-a54f-47578fea4169
|i ab16107a-36df-39e6-a0e8-09cdd00bc78e
|t 0
|
| 952 |
f |
f |
|p normal
|a Texas A&M University
|b College Station
|c Sterling C. Evans Library
|d Evans: Library Stacks
|t 0
|e DS889.16 .G66 2005
|h Library of Congress classification
|i unmediated -- volume
|m A14833415697
|
| 998 |
f |
f |
|a DS889.16 .G66 2005
|t 0
|l Evans: Library Stacks
|